000 01295nam a2200361 i 4500
001 8039
003 KOSZ 005
005 20201020112050.0
008 071111s1968 pl a f 001 0 pol
015 _aPB 1968/7743
040 _aWA N
_cKOSZ 005/RW
_dKOSZ 005/RW
_dKOSZ 005/HR
046 _k1968
080 _a669.2/.8
100 1 _aMrowec, Stanisław
_d(1928-2015)
_eAutor
245 1 0 _aNowoczesne tworzywa żaroodporne /
_cStanisław Mrowec, Teodor Werber.
260 _aWarszawa :
_bWydawnictwa Naukowo-Techniczne,
_c1968.
300 _a495, [1] strona :
_bilustracje, errata ;
_c25 cm.
336 _2rdacontent
_aTekst
_btxt
337 _2rdamedia
_aBez urządzenia pośredniczącego
_bn
338 _2rdacarrier
_aWolumin
_bnc
380 _aKsiążki.
388 _a1901-2000
504 _aBibliografia na stronach [473]-490. Indeks.
650 4 _aMateriały ogniotrwałe
650 4 _aStopy (metalurgia)
650 4 _aTechnologia
650 4 _aObróbka metali
658 _aInżynieria i technika
710 2 _aWydawnictwa Naukowo-Techniczne
_4pbl.
700 1 _aWerber, Teodor
_d(1931- )
_eAutor
856 _uhttp://koha.tu.koszalin.pl/cgi-bin/koha/opac-detail.pl?biblionumber=8039
_yKatalog online BPK
942 _2UKD
_cKS
999 _c8039
_d8039